000 00323nam a2200133 i 4500
001 bg
100 1 _aDOROFEEV, G.
245 0 _aObrazcovye istocniki ionizirujuščich izducenij /
_cG. Dorofeev.
260 _aMoskva,
_c1967.
040 _cBPK
041 _apol
942 _cKS
008 s pl f |000 0 pol
999 _c12694
_d12694
856 _uhttp://koha.tu.koszalin.pl/cgi-bin/koha/opac-detail.pl?biblionumber=12694
_yKatalog online BPK